The electrified tightrope (Record no. 119217)
[ view plain ]
| 000 -LEADER | |
|---|---|
| fixed length control field | 01211nam a2200313 a 4500 |
| 100 1# - MAIN ENTRY--AUTHOR NAME | |
| Personal name | Eigen, Michael. |
| 245 14 - TITLE STATEMENT | |
| Title | The electrified tightrope |
| 260 ## - PUBLICATION, DISTRIBUTION, ETC. (IMPRINT) | |
| Place of publication | London ; |
| -- | New York : |
| Name of publisher | Karnac Books, |
| Year of publication | 2004. |
| 300 ## - PHYSICAL DESCRIPTION | |
| Number of Pages | xxviii, 289 p. |
| 500 ## - GENERAL NOTE | |
| General note | First published in 1993 by Jason Aronson Inc., NJ, USA. |
| 650 #0 - SUBJECT ADDED ENTRY--TOPICAL TERM | |
| Topical Term | Psychoanalysis. |
| 700 1# - ADDED ENTRY--PERSONAL NAME | |
| Personal name | Phillips, Adam. |
| 856 40 - ELECTRONIC LOCATION AND ACCESS | |
| Uniform Resource Identifier | http://site.ebrary.com/lib/rucke/Doc?id=10477688 |
No items available.
